[Event "20th Cvijet Mediterana 2020"]
[Site "Rijeka"]
[Date "2020.03.07"]
[Round "9.5"]
[White "Spiranec, Noemi"]
[Black "Hrescak, Ivana"]
[Result "1/2-1/2"]
[WhiteElo "2083"]
[BlackElo "2182"]
[Annotator "TA"]
[PlyCount "100"]
[EventDate "2020.03.01"]
[EventType "tourn"]
[EventCountry "CRO"]
[SourceTitle "playchess.com"]
[Source "ChessBase"]
[SourceQuality "1"]

{[%evp 22,100,36,34,66,63,85,85,89,64,62,59,100,75,116,117,179,178,170,108,111,25,43,37,33,0,25,15,60,-2,0,-26,-20,-20,-24,-72,-83,-87,-67,-87,-38,-58,-37,-116,-54,-123,0,-118,0,-66,0,0,12,6,22,13,19,14,15,0,0,0,0,0,0,0,1,-13,-12,-33,6,-52,0,-16,0,4,16,0,0,0,15]} 1. d4 Nf6 2. c4 g6 3. g3 Bg7 4. Bg2 O-O 5. Nc3 d6 6. Nf3 Nbd7 7. O-O e5 8. e4 c6 9. h3 Qb6 10. Re1 exd4 11. Nxd4 Re8 $1 {11...Re8 is better than 11...Ne8.} 12. Nc2 Qc7 {E69: King's Indian: Fianchetto: 6...Nbd7 7 0-0 e5 8 e4 c6 9 h3.} 13. b3 a5 14. Ba3 Bf8 {White is better.} 15. Qd2 Nc5 16. Rad1 {[#]} Bd7 $146 ({Predecessor:} 16... Nfd7 17. f4 a4 18. b4 Ne6 19. Kh2 Ng7 20. Ne3 h5 21. Kh1 Nb6 22. Qf2 Be6 {0-1 (59) Schreiner,P (2440)-Schachinger,M (2413) Austria 2014}) 17. Qd4 Be7 18. f4 Be6 (18... Bc8 $16) 19. g4 $1 $18 Rad8 20. f5 (20. Qf2 $18) 20... Bc8 $16 21. Qf2 (21. Bb2 $1 $16) 21... Nfd7 $11 22. Rf1 ({Of course not} 22. fxg6 fxg6 23. Bc1 (23. Rf1 Rf8 $15) (23. Bxc5 dxc5 24. e5 Nxe5 $17) 23... Ne5 $15) 22... Ne5 23. Ne1 Bf8 24. Nf3 b6 25. Nxe5 (25. Qg3 $14) 25... dxe5 26. Qh4 Be7 27. f6 Bf8 28. Bc1 Rxd1 29. Nxd1 Rd8 30. Nf2 Qd7 31. Kh2 Qe8 32. Nh1 (32. Qg3 $15) 32... Ne6 (32... a4 $17 33. Be3 Be6) 33. Ng3 ({Better is} 33. Be3 $15) 33... Nd4 (33... Rd6 $17 34. Nh1 a4 $1 {[%mdl 512]}) 34. Bh1 {[#]} (34. Nf5 $1 $11) 34... Ne6 (34... a4 $1 $17 {[%mdl 512]} 35. Nf5 (35. bxa4 Ba6) 35... axb3 36. Ne7+ Bxe7 37. fxe7 Rd7 38. axb3 Qxe7 39. Qxe7 Rxe7) 35. Nf5 ({White should try} 35. Bg2 $1 $11) 35... Kh8 ({Don't play} 35... gxf5 $6 36. gxf5 Nf4 37. Bxf4 $14) (35... Rd7 $15) 36. Ne7 Bb7 37. Qg3 Bxe7 38. fxe7 Qxe7 39. Qxe5+ Kg8 40. Be3 c5 41. Bg2 Qc7 (41... Rd3 {seems wilder.} 42. Bh6 Qd8 43. Bc1 Qd6 44. Qxd6 Rxd6 45. Rf2 Rd1) 42. Qxc7 Nxc7 43. Rf2 Ne6 44. Rb2 Rd3 45. Bc1 Rd1 46. Be3 (46. Bd2 $11) 46... Rd3 (46... Bxe4 $5 47. Bxe4 Re1 $11) 47. Bc1 {The position is equal.} Rd4 48. Rd2 Kf8 49. Kg3 Rxd2 50. Bxd2 Ke7 {Accuracy: White = 59%, Black = 63%.} 1/2-1/2